Personnage des aventures de Tintin : Le professeur Tournesol (Vol.1) - Statistiques

Statistiques générales
  • Ce quiz a été pris 49 fois
  • Le résultat moyen est 15 sur 20
Statistiques - réponses
Questions Réponses % Correct
Poisson marin dont le sous-marin de Tournesol prend l'apparence. Le requin
97%
Prénom du professeur Tournesol. Tryphon
97%
Château que rachète Tournesol au bénéfice du capitaine Haddock pour le remercier de l'avoir permis d'expérimenter et de perfectionner son sous-marin. Le Château de Moulinsart
94%
Point cardinal qu'indique constamment le pendule de Tournesol dans l'album où il apparaît pour la première fois (réponse #1). L'ouest
94%
Personnages binômes guéris grâce aux découvertes du Pr. Tournesol alors qu'ils avaient par mégarde avaler un comprimé de N14 du Dr. Muller, comprimé qu'ils avaient pris pour de l'aspirine. Dupont
92%
Pays d'Amérique du Sud vers lequel les ravisseurs incas de Tournesol ont emmené Tournesol depuis la France. Le Pérou
92%
Tournesol insiste bien sur le fait qu'il n'est pas sourd mais seulement __ _'_____. Dur d'oreille
89%
Personnages binômes guéris grâce aux recherches du Pr. Tournesol alors qu'ils avaient par mégarde avaler un comprimé de N14 du Dr. Muller, comprimé qu'ils avaient pris pour de l'aspirine. Dupond
86%
Album des aventures de Tintin dans lequel apparaît le professeur Tournesol pour la première fois. Le Trésor de Rackham le Rouge
86%
Momie inca dont Tournesol a retrouvé le bracelet dans le jardin du précédent et commet l'imprudence de le montrer ostensiblement à son poignet, ce qui provoqua son enlèvement. Rascar Capac
86%
Chez Tournesol, le capitaine Haddock se fait ratatiner dans une machine à brosser les _________. Vêtements
83%
Quartier de Los Angeles connu comme le berceau américain du cinéma. Après sa libération, Tournesol jure qu'il ne jouerait jamais plus dans un autre film (sic) même si _______ lui faisait un pont d'or. Hollywood
78%
Ports sur la façade atlantique vers lesquels les ravisseurs incas de Tournesol ont tour à tour emmener ce dernier. Saint-Nazaire
75%
Ami du professeur Tournesol qu'il avait connu à l'époque de leurs études. Le Professeur Hippolyte Bergamotte
69%
Nom du cargo à bord duquel se trouve alors Tournesol. Le Pachacamac
67%
Ports sur la façade atlantique vers lesquels les ravisseurs incas de Tournesol ont tour à tour emmener ce dernier. La Rochelle
64%
Dynastie des premiers rois de France. Tournesol est persuadé que se cache un tombeau de cette époque dans le parc du château précédent. Les Mérovingiens
64%
Pratique géobiologique contestée qui permettrait de localiser des sources ou des objets perdus à l'aide d'un pendule, procédé qui fascine le professeur Tournesol. La radiésthésie
33%
Institution politique qui racheta à prix d'or le brevet du submersible du Pr. Tournesol ce qui le rendit très riche. Le gouvernement
31%
Appareil permettant de produire un gaz par pyrolyse de matières solides et combustibles. Tournesol en inventa un nouveau modèle. Il s'agit de la première de ses inventions qu'il présente à Tintin. Un gazogène
22%
Aucun quiz correspondant
Distribution des résultats
% des personnes avec chaque résultat
Percentile par nombre de réponses
Votre historique - résultats
Vous n’avez pas pris ce quiz